The long walk : (Record no. 70638)
[ view plain ]
| 000 -LEADER | |
|---|---|
| fixed length control field | 01628cam a2200469 4500 |
| 001 - CONTROL NUMBER | |
| control field | ocn277366401 |
| 003 - CONTROL NUMBER IDENTIFIER | |
| control field | OCoLC |
| 005 - DATE AND TIME OF LATEST TRANSACTION | |
| control field | 20241220125412.0 |
| 008 - FIXED-LENGTH DATA ELEMENTS--GENERAL INFORMATION | |
| fixed length control field | 980123r19971956nyub 000 0 eng d |
| 010 ## - LIBRARY OF CONGRESS CONTROL NUMBER | |
| LC control number | 98107014 |
| 040 ## - CATALOGING SOURCE | |
| Original cataloging agency | SHS |
| Transcribing agency | SHS |
| Modifying agency | OTP |
| -- | UINTA |
| 015 ## - NATIONAL BIBLIOGRAPHY NUMBER | |
| National bibliography number | GBA2V2551 |
| Source | bnb |
| 020 ## - INTERNATIONAL STANDARD BOOK NUMBER | |
| International Standard Book Number | 9780786166831 (audio.) |
| 020 ## - INTERNATIONAL STANDARD BOOK NUMBER | |
| International Standard Book Number | 9781558216846 (pbk.) |
| 020 ## - INTERNATIONAL STANDARD BOOK NUMBER | |
| International Standard Book Number | 1558216340 (cased) |
| 020 ## - INTERNATIONAL STANDARD BOOK NUMBER | |
| International Standard Book Number | 9781558216341 (cased) |
| 020 ## - INTERNATIONAL STANDARD BOOK NUMBER | |
| International Standard Book Number | 9781592289448 |
| 020 ## - INTERNATIONAL STANDARD BOOK NUMBER | |
| International Standard Book Number | 1592289444 |
| 029 1# - (OCLC) | |
| OCLC library identifier | UNITY |
| System control number | 047994738 |
| 029 1# - (OCLC) | |
| OCLC library identifier | EUSCL |
| System control number | 1558216847 |
| 035 ## - SYSTEM CONTROL NUMBER | |
| System control number | (OCoLC)277366401 |
| 043 ## - GEOGRAPHIC AREA CODE | |
| Geographic area code | e-ru--- |
| -- | e-pl--- |
| 050 00 - LIBRARY OF CONGRESS CALL NUMBER | |
| Classification number | D805.S65 |
| 082 00 - DEWEY DECIMAL CLASSIFICATION NUMBER | |
| Classification number | 940.54/7247/0957 |
| Edition number | 21 |
| 049 ## - LOCAL HOLDINGS (OCLC) | |
| Holding library | UCLB |
| 092 ## - LOCALLY ASSIGNED DEWEY CALL NUMBER (OCLC) | |
| Classification number | 940.54 RAWICZ |
| 100 1# - MAIN ENTRY--PERSONAL NAME | |
| Personal name | Rawicz, Slavomir. |
| 9 (RLIN) | 26836 |
| 245 14 - TITLE STATEMENT | |
| Title | The long walk : |
| Remainder of title | the true story of a trek to freedom / |
| Statement of responsibility, etc | by Slavomir Rawicz. |
| 260 ## - PUBLICATION, DISTRIBUTION, ETC. (IMPRINT) | |
| Place of publication, distribution, etc | Guildford, Conn. : |
| Name of publisher, distributor, etc | Lyons ; |
| Place of publication, distribution, etc | [Garsington : |
| Name of publisher, distributor, etc | Windsor, distributor], |
| Date of publication, distribution, etc | 1997. |
| 300 ## - PHYSICAL DESCRIPTION | |
| Extent | 8 sound discs |
| 500 ## - GENERAL NOTE | |
| General note | Reprinted with a foreword translated from the Polish edition and a new afterword. |
| 500 ## - GENERAL NOTE | |
| General note | Originally published: London : Constable, 1956. |
| 600 14 - SUBJECT ADDED ENTRY--PERSONAL NAME | |
| Personal name | Rawicz, Slavomir. |
| 9 (RLIN) | 26836 |
| 650 #0 - SUBJECT ADDED ENTRY--TOPICAL TERM | |
| Topical term or geographic name as entry element | World War, 1939-1945 |
| General subdivision | Prisoners and prisons, Russian. |
| 9 (RLIN) | 101988 |
| 650 #0 - SUBJECT ADDED ENTRY--TOPICAL TERM | |
| Topical term or geographic name as entry element | World War, 1939-1945 |
| General subdivision | Personal narratives, Polish. |
| 9 (RLIN) | 6512321 |
| 650 #0 - SUBJECT ADDED ENTRY--TOPICAL TERM | |
| Topical term or geographic name as entry element | Escapes |
| Geographic subdivision | Russia (Federation) |
| -- | Siberia. |
| 9 (RLIN) | 6512322 |
| 650 #0 - SUBJECT ADDED ENTRY--TOPICAL TERM | |
| Topical term or geographic name as entry element | Prisoners of war |
| Geographic subdivision | Poland |
| General subdivision | Biography. |
| 9 (RLIN) | 6512323 |
| 650 #0 - SUBJECT ADDED ENTRY--TOPICAL TERM | |
| Topical term or geographic name as entry element | Prisoners of war |
| Geographic subdivision | Russia (Federation) |
| -- | Siberia |
| General subdivision | Biography. |
| 9 (RLIN) | 6512324 |
| 942 ## - ADDED ENTRY ELEMENTS (KOHA) | |
| Koha item type | Audiobook on CD |
| 994 ## - | |
| -- | C0 |
| -- | UINTA |
| 998 ## - LOCAL CONTROL INFORMATION (RLIN) | |
| -- | a135861 |
| Withdrawn status | Lost status | Source of classification or shelving scheme | Materials specified (bound volume or other part) | Damaged status | Not for loan | Collection code | Home library | Current library | Shelving location | Date acquired | Source of acquisition | Cost, normal purchase price | Total Checkouts | Total Renewals | Full call number | Barcode | Date last seen | Date checked out | Cost, replacement price | Price effective from | Koha item type |
|---|---|---|---|---|---|---|---|---|---|---|---|---|---|---|---|---|---|---|---|---|---|
| Dewey Decimal Classification | .CIRCNOTE. 8 discs | Audiobooks | Wasatch County Library | Wasatch County Library | Second Floor | 02/12/2007 | 24.95 | 68 | 2 | CD 92 Raw | 34301000802571 | 05/22/2025 | 04/28/2025 | 24.95 | 03/20/2020 | Audiobook on CD |
